| 000 | 00000nas 2200000za 4500 |
| 001 | 9.854926 |
| 003 | CaOODSP |
| 005 | 20221208071054 |
| 007 | cr ||||||||||| |
| 008 | 180410c20179999onc x m o s f0###a0eng|d |
| 022 | |a2817-0164 |
| 040 | |aCaOODSP|beng |
| 043 | |an-cn--- |
| 086 | 1 |aJ23-4E-PDF |
| 245 | 00|aJustFacts |h[electronic resource]. |
| 246 | 3 |aJust facts |
| 260 | |aOttawa : |bDept. of Justice Canada, Research and Statistics Division, |c2017- |
| 310 | |aIrregular |
| 500 | |aIssued also in French under title: Précis des faits. |
| 692 | 07|2gccst|aJustice system |
| 710 | 1 |aCanada. |bDepartment of Justice. |bResearch and Statistics Division. |
| 775 | 08|tPrécis des faits |w(CaOODSP)9.854927 |